Prosa escogida

Salvato in:
Dettagli Bibliografici
Autore principale: Larra, Mariano José de (Autore)
Natura: Libro
Lingua:spagnolo
Pubblicazione: Madrid EMESA 1976
Serie:Novelas y cuentos
Soggetti:
Tags: Aggiungi Tag
Nessun Tag, puoi essere il primo ad aggiungerne!!

MARC

LEADER 00000nam a2200000 a 4500
001 UCX8070
003 CL-VaPUC
008 940121e19760000SP |||||||||||||||||spa|d
082 0 4 |a 863  |b LAR  |2 21 
100 |a Larra, Mariano José de  |e author  |9 321319 
245 1 0 |a Prosa escogida 
300 |a 280 p 
942 |c BK 
945 |d 19940121 00:00:00  |a rbrito 
260 |a Madrid  |b EMESA  |c 1976 
650 7 |a PROSA ESPAÑOLA  |2 CL-VaPUC  |9 321304 
583 |a last modification  |c 19940121 00:00:00  |k Rodrigo Vera 
490 0 |a Novelas y cuentos 
999 |c 227692  |d 227690 
952 |0 0  |1 0  |4 0  |6 863_000000000000000_LAR_1976  |7 0  |8 A  |9 226866  |a BIBEDU  |b BIBEDU  |d 2019-11-15  |i 2959232  |o 863 LAR 1976  |p 2959232  |r 2019-11-15  |w 2019-11-15  |y BK  |k LIT